| 000 | 02281nam0a2200349 4500 | ||
|---|---|---|---|
| 001 | RU\NLR\bibl\1840076 | ||
| 005 | 20260408052410.0 | ||
| 021 |
_aRU _b2011-87759 _96262 |
||
| 035 | _a(NLR Aleph) 001830542 | ||
| 090 |
_a2132298 _c2132298 |
||
| 100 | _a20111128d2011 |||y0rusy50 ca | ||
| 101 | 0 |
_arus _deng |
|
| 102 | _aRU | ||
| 105 | _aa ||||||||| | ||
| 200 | 1 | _aМатериалы международной научно-практической конференции "Современные системы земледелия: опыт, проблемы, перспективы", посвященной 80-летию со дня рождения доктора сельскохозяйственных наук, профессора, академика Международной академии аграрного образования, Почетного работника высшего профессионального образования РФ, Владимира Ивановича Морозова | |
| 210 |
_aУльяновск _cУльяновская государственная сельскохозяйственная академия _d2011 |
||
| 215 |
_a348 с. _cил. _d21 |
||
| 300 | _aВ надзаг.: М-во сел. хоз-ва РФ, ФГОУ ВПО "Ульян. ГСХА" | ||
| 300 | _aРез. на англ. яз. | ||
| 320 | _aБиблиогр. в конце докл. | ||
| 600 | 1 |
_aМорозов _bВ.И. _f1931 _gВладимир Иванович _92109270 _3RU\NLR\auth\661578423 |
|
| 606 | 1 |
_aСистемы земледелия _jСъезды, совещания и т.п. _9948430 _3RU\NLR\auth\6633463 |
|
| 686 | _aП1д(2)Морозов | ||
| 686 | _aП14я431(0) | ||
| 702 | 1 |
_4570 _8rus _7ca _aМорозов _bВ. И. _cд-р с.-х. наук _f1931- _gВладимир Иванович _3RU\NLR\AUTH\7761920 _944850 |
|
| 710 | 1 | 2 |
_a"Современные системы земледелия: опыт, проблемы, перспективы", международная научно-практическая конференция _f2011 _eУльяновск _3RU\NLR\AUTH\8810198312 _9285428 |
| 801 | 0 |
_aRU _bNLR _c20111128 _gRCR |
|
| 801 | 1 |
_aRU _bNLR _c20111128 |
|
| 942 | _cBOOK | ||
| 980 | _aNB | ||
| 980 | _aNBR | ||